Direito econômico esquematizado / (Record no. 418)

MARC details
000 -LÍDER
Campo Fixo de Controle 00895nam a2200277 a 4500
001 - NÚMERO DE CONTROLE
Campo de Controle 418
003 - IDENTIFICAÇÃO DO NÚMERO DE CONTROLE
Campo de Controle BR-CuiBMT
005 - DATA E HORA DA ÚLTIMA ATUALIZAÇÃO
Campo de Controle 20231106185654.0
008 - DADOS FIXOS
Dados Fixos 231106s2015 spba 000 0 por d
020 ## - INTERNATIONAL STANDARD BOOK NUMBER
Nº do ISBN 9788530958916
040 ## - AGÊNCIA CATALOGADORA
Código da Agência Catalogadora BR-CuiBMT
Agência que transcreveu o registro BR-CuiBMT
080 ## - Nº DA CLASSIFICAÇÃO DECIMAL UNIVERSAL
Nº edição CDU 2007
Nº Class. CDU 346.1
090 ## - NÚMERO DE CHAMADA
Nº classificação 346.1
Cutter M419d
Ano/Edição 3. ed.
100 1# - ENTRADA PRINCIPAL -- AUTOR PESSOAL
Nome pessoal Masso, Fabiano Del,
Datas associadas ao nome 1971-
245 ## - TÍTULO PRINCIPAL
Título principal Direito econômico esquematizado /
Indicação de responsabilidade Fabiano Del Masso.
250 ## - EDIÇÃO
Edição 3. ed. rev. e atual.
260 ## - PUBLICAÇÃO, DISTRIBUIÇÃO, ETC.
Local de publicação São Paulo :
Editora Método,
Data 2015.
300 ## - DESCRIÇÃO FÍSICA
N. páginas ou volumes 360 .:
Ilustrações il.
Dimensões 23 cm
500 ## - NOTAS GERAIS
Notas gerais Jurisprudência atualizada do STJ; gráficos e quadros esquemáticos ; questões de concursos públicos, informações retiradas da capa.
504 ## - NOTA DE BIBLIOGRAFIA, ETC.
Nota de bibliografia Inclui bibliografia.
650 ## - ASSUNTO TÓPICO
Cabeçalho tópico ou nome geográfico Direito econômico
650 ## - ASSUNTO TÓPICO
Cabeçalho tópico ou nome geográfico Serviço público
650 ## - ASSUNTO TÓPICO
Cabeçalho tópico ou nome geográfico Comércio regulamentado
650 ## - ASSUNTO TÓPICO
Cabeçalho tópico ou nome geográfico Direito comercial
942 ## - ELEMENTOS DE ENTRADA ADICIONAIS (KOHA)
Fonte de classificação ou esquema de arquivamento Classificação Decimal Universal
Tipo de item do Koha Livros
Holdings
Estado: removido Estado: perdido Fonte de classificação ou esquema de arquivamento Estado: danificado Indisponível para empréstimo Localização permanente Localização atual Data de aquisição Total Checkouts Número de Chamada completo Código de barras Date last seen Número do exemplar Preço efetivo a partir de Tipo de item (Koha)
    Classificação Decimal Universal     Biblioteca da Escola Superior de Contas do TCE/MT Biblioteca da Escola Superior de Contas do TCE/MT 17/06/2019   346.1 M419d BIBTCEMT23110150 06/11/2023 Ex. 1 06/11/2023 Livros

Powered by Koha